Jeff Buckley - Grace Lyrics - Statistics

General Stats
  • This quiz has been taken 106 times
  • The average score is 159 of 214
Answer Stats
Answer % Correct
I
99%
a
93%
the
92%
in
86%
Oh
86%
oh
86%
fire
85%
Fire
85%
to
83%
Wait
83%
wait
83%
my
82%
My
82%
we
79%
of
77%
It
76%
it
76%
me
75%
for
74%
time
74%
afraid
73%
Afraid
73%
stay
73%
And
71%
and
71%
love
71%
moon
71%
she
71%
away
70%
die
70%
I'm
70%
So
70%
so
70%
not
69%
clouds
68%
asking
67%
enough
67%
fly
67%
it's
67%
go
65%
Long
65%
leave
63%
reminds
63%
behind
62%
But
62%
but
62%
cries
62%
might
62%
is
61%
There's
61%
arm
60%
come
60%
has
60%
pain
60%
coming
58%
tomorrow
58%
believe
57%
easy
57%
know
57%
name
57%
weeps
56%
rain
55%
wine
55%
bit
54%
drink
54%
feel
54%
on
54%
bright
52%
clicking
52%
falling
52%
forget
52%
with
52%
kiss
51%
this
51%
voice
51%
both
50%
drown
50%
sings
49%
slow
49%
them
49%
fading
48%
goes
48%
lights
48%
sorrow
48%
Walking
45%
yeah
45%
Well
40%
Hey
6%
No matching quizzes found
Score Distribution
Percent of People with Each Score
Percentile by Number Answered
Your Score History
You have not taken this quiz